=LDR 00000nam 2200000 4500 =001 INLIS000000000019680 =005 20130612114716 =008 ***********************************Ind** =035 ##$$a0010-061300000019680 =041 ##$$a Ind =082 ##$$a 613.043 8 =090 ##$$a 613.043 8, Wes k =100 ##$$a Westcott, Wayne L =245 ##$$a Kembali bugar setelah lima puluh, Wayne L Westcott ; penerjemah, Eri Desmarino Nasution =260 ##$$a 1999 $b Jakarta =300 ##$$a xi, 220 hlm, 24 cm =650 ##$$a Usia Lanjut-Kesehatan dan kebersihan =850 ##$$a NBPNMAT =990 ##$$a 0001/BPAP-NTB/20142014